| 000 | 00470nam a2200145 a 4500 | ||
|---|---|---|---|
| 008 | 120416s1999 xx |||||||||||||| || u | ||
| 050 | _aTK 7881.6 Bee | ||
| 100 | _aBeer, Nick | ||
| 245 | 1 | 0 | _aServicing audio and Hi-fi equipment |
| 250 | _a3rd. ed. | ||
| 260 | _c1999 | ||
| 300 | _a: ill | ||
| 350 | _a0.00 | ||
| 995 |
_D0.00 _FCBU-MAIN LIBRARY (Kitwe) _H1 _I30.50 _M1 _UAVAILABLE _ZMain Library Open Access Collection |
||
| 999 |
_c57329 _d57329 |
||